000 00495nam a2200193Ia 4500
003 GCL
008 140319s9999 xx 000 0 eng d
040 _aGCL /
_cGCL
082 0 4 _a362.1977
_bP A
100 1 _aPERKINS, E.S.
245 1 0 _aAN ATLAS OF DISEASES OF THE EYE /
_cPERKINS, E.S.
700 1 _aHANSELL, P
700 1 _aMARSH, R.J.
260 _a[S.N] :
_bCHURCHILL LIVINGSTONE ،
_c1991
300 _a99 P
650 0 4 _aOPHTHALMOLOGY
650 0 4 _aEYE DISEASES
942 _2ddc
_cBK
999 _c20426
_d20426